El diseño de las cosas cotidianas / (Registro nro. 16309)

Detalles MARC
000 -CABECERA
Campo de control de longitud fija 01171nam a22003737a 4500
003 - IDENTIFICADOR DEL NÚMERO DE CONTROL
Campo de control CL-SaCFP
005 - FECHA Y HORA DE LA ÚLTIMA TRANSACCIÓN
Campo de control 20251030163841.0
007 - CAMPO FIJO DE DESCRIPCIÓN FÍSICA
Campo de control de longitud fija ta
008 - CÓDIGOS DE INFORMACIÓN DE LONGITUD FIJA
Campo de control de longitud fija 250701s2025 ag a b 000 0dspa
020 ## - NÚMERO INTERNACIONAL NORMALIZADO PARA LIBROS (ISBN)
Número Internacional Normalizado para Libros (ISBN) 9786316532763
040 ## - FUENTE DE LA CATALOGACIÓN
Centro transcriptor CL
041 1# - CÓDIGO DE LENGUA
Código de lengua del texto/banda sonora o título independiente spa
Código de lengua original eng
082 04 - NÚMERO DE LA CLASIFICACIÓN DECIMAL DEWEY
Número de clasificación 745.2 N842 2025
Número de edición 21
099 ## - LOCAL FREE-TEXT CALL NUMBER (OCLC)
Classification number sec/20250701
099 ## - LOCAL FREE-TEXT CALL NUMBER (OCLC)
Classification number jsf/o/20250729
099 ## - LOCAL FREE-TEXT CALL NUMBER (OCLC)
Classification number vag/s/20250811
100 1# - PUNTO DE ACCESO PRINCIPAL - NOMBRE DE PERSONA
Nombre de persona Norman, Donald,
Fechas asociadas al nombre 1935-
Término indicativo de función autor
245 10 - MENCIÓN DE TÍTULO
Título El diseño de las cosas cotidianas /
Mención de responsabilidad etc. Donald Norman; traducción de Esther Cruz Santaella.
250 ## - MENCIÓN DE EDICIÓN
Mención de edición Marzo, 2025.
264 #1 - PRODUCTION, PUBLICATION, DISTRIBUTION, MANUFACTURE, AND COPYRIGHT NOTICE
Lugar de producción publicación distribución fabricación Buenos Aires, Argentina :
Nombre del de productor editor distribuidor fabricante Ediciones Godot,
Fecha de de producción publicación distribución fabricación o copyright 2025.
264 #3 - PRODUCTION, PUBLICATION, DISTRIBUTION, MANUFACTURE, AND COPYRIGHT NOTICE
Lugar de producción publicación distribución fabricación Santiago, Chile :
Nombre del de productor editor distribuidor fabricante A Impresores,
Fecha de de producción publicación distribución fabricación o copyright 2025.
300 ## - DESCRIPCIÓN FÍSICA
Extensión 399 páginas :
Otras características físicas ilustraciones ;
Dimensiones 23 cm.
336 ## - TIPO DE CONTENIDO
Término de tipo de contenido texto
Código de tipo de contenido txt
Fuente rdacontent
337 ## - TIPO DE MEDIO
Nombre del tipo de medio no mediado
Código del tipo de medio n
Fuente rdamedia
338 ## - TIPO DE SOPORTE
Nombre del tipo de soporte volumen
Código del tipo de soporte nc
Fuente rdacarrier
500 ## - NOTA GENERAL
Nota general Título original: The design of everyday things.
500 ## - NOTA GENERAL
Nota general Retrato del autor.
504 ## - NOTA DE BIBLIOGRAFÍA; ETC.
Nota de bibliografía etc. Bibliografía: páginas 388-399.
650 #7 - PUNTO DE ACCESO ADICIONAL DE MATERIA - TÉRMINO DE MATERIA
Término de materia o nombre geográfico como elemento inicial Diseño industrial
650 #7 - PUNTO DE ACCESO ADICIONAL DE MATERIA - TÉRMINO DE MATERIA
Término de materia o nombre geográfico como elemento inicial Ingeniería humana
700 1# - PUNTO DE ACCESO ADICIONAL - NOMBRE DE PERSONA
Nombre de persona Cruz Santaella, Ester
Término indicativo de función traductora
942 ## - ENTRADA PARA ELEMENTOS AGREGADOS (KOHA)
Fuente de clasificación o esquema de ordenación en estanterías Dewey Decimal Classification
Koha [por defecto] tipo de item Libros
949 ## - LOCAL PROCESSING INFORMATION (OCLC)
a n
b n
Existencias
Suprimido Estado de pérdida Fuente de clasificación o esquema de ordenación en estanterías Estropeado No para préstamo Código de colección Localización permanente Localización actual Localización en estanterías Fecha de adquisición Fuente de adquisición Préstamos totales Signatura completa Código de barras Fecha última consulta Fecha último préstamo Número de ejemplar Fecha del precio de reemplazo Tipo de item de Koha
    Dewey Decimal Classification     Colección General Biblioteca Central Biblioteca Central Colección General 30/10/2025 DL 1 745.2 N842 2025 3563000054733 27/04/2026 27/04/2026 c.1 30/10/2025 Libros